Statistiques concernant Personnages célèbres - Série 12

Cliquez ici pour prendre le quiz!

Statistiques générales

  • Ce quiz a été pris 268 fois
  • Le résultat moyen est 7 sur 15

Statistiques - réponses

Réponse% Correct
Didier Deschamps
88%
Marion Cotillard
88%
Thierry Lhermitte
84%
Enrico Macias
74%
Raymond Devos
61%
Pierre Arditi
60%
Florence Arthaud
37%
Jean Carmet
37%
Bernard Menez
30%
Françoise Sagan
28%
Jean Michel Jarre
27%
Eric Tabarly
26%
Nicolas Peyrac
24%
Louison Bobet
15%
Philippe Poupon
10%

Distribution des résultats

Percentile par nombre de réponses

% des personnes avec chaque résultat

Votre développement - résultats

Vous n’avez pas pris ce quiz